000 00425nam a2200181Ia 4500
003 0100
008 130227s9999 xx 000 0 und d
040 _cARRUPELIB
050 _aBR1360.H23 2009
100 _aHaar, Gerrie Ter
245 _aHow God became african
260 _aPhiladelphia
260 _bUniversity of Pennsylvania Press
260 _C2009
300 _aix
300 _b 120p. 24cm.
942 _2lcc
_01
999 _c5469
_d5469